[Event "Border op 9th"]
[Site "Niebuell,Leck,Tonder,Oster Ho"]
[Date "2019.05.13"]
[Round "9"]
[White "Petersen, Olaf"]
[Black "Hansen, Per"]
[Result "0-1"]
[WhiteElo "1590"]
[BlackElo "2114"]
[PlyCount "76"]
[EventDate "2018.09.24"]
[EventType "swiss"]
[EventRounds "9"]
[EventCountry "DEN"]
[SourceTitle "EXT 2020"]
[Source "ChessBase"]
[SourceDate "2019.10.17"]
[SourceVersion "1"]
[SourceVersionDate "2019.10.17"]
[SourceQuality "1"]

1. e4 c5 2. Nf3 d6 3. Bc4 Nc6 4. 0-0 Nf6 5. Re1 a6 6. a4 Bg4 7. c3 e6 8. d4 cxd4 9. cxd4 Bxf3 10. gxf3 Be7 11. Bf4 d5 12. exd5 Nxd5 13. Be3 0-0 14. Nc3 Ncb4 15. Bxd5 Nxd5 16. Qb3 Nb4 17. Rad1 Qa5 18. Bf4 Qf5 19. Re4 Rfd8 20. Kg2 Rd7 21. Ne2 Rc8 22. Ng3 Qd5 23. Qxd5 Nxd5 24. Be3 f5 25. Rxe6 f4 26. Nf1 fxe3 27. fxe3 Kf7 28. Re4 Rc2+ 29. Rd2 Rdc7 30. Re5 Bb4 31. Rxc2 Rxc2+ 32. Kh3 Nf6 33. f4 Rxb2 34. Ng3 Bd6 35. Rf5 g6 36. Rg5 h6 37. Ra5 Rb3 38. Nf1 Bxf4 0-1

[Event "Border op 9th"]
[Site "Niebuell,Leck,Tonder,Oster Ho"]
[Date "2019.04.09"]
[Round "8"]
[White "Ambog, Ejvind Osterby"]
[Black "Petersen, Olaf"]
[Result "0-1"]
[WhiteElo "1864"]
[BlackElo "1590"]
[PlyCount "82"]
[EventDate "2018.09.24"]
[EventType "swiss"]
[EventRounds "9"]
[EventCountry "DEN"]
[SourceTitle "EXT 2020"]
[Source "ChessBase"]
[SourceDate "2019.10.17"]
[SourceVersion "1"]
[SourceVersionDate "2019.10.17"]
[SourceQuality "1"]

1. Nf3 Nc6 2. d4 d5 3. c4 e6 4. Nc3 Nf6 5. Bf4 a6 6. e3 Be7 7. a3 0-0 8. Bd3 Nh5 9. Bg3 Nxg3 10. hxg3 h6 11. Qc2 dxc4 12. Bxc4 b5 13. Bd3 Bb7 14. b4 Nb8 15. Rd1 Nd7 16. 0-0 Nf6 17. e4 c6 18. e5 Nd5 19. Ne4 Qc7 20. Nfd2 a5 21. Nc3 Qb6 22. Nxd5 cxd5 23. Qb2 axb4 24. axb4 Ra4 25. Rc1 Bxb4 26. Rc2 Ba6 27. Nb3 Ra3 28. Nc5 Bxc5 29. dxc5 Qa5 30. Be2 Rc8 31. c6 Ra4 32. Rfc1 b4 33. Rc5 Qb6 34. Bxa6 Rxa6 35. c7 Ra7 36. Rc6 Qa5 37. R1c5 Qa3 38. Qe2 b3 39. Qb5 b2 40. Rb6 b1Q+ 41. Qxb1 Qxc5 0-1